000 00362nam a2200133Ia 4500
008 100328s9999 xx 000 0 und d
082 _b37438
100 _aगोडबोले अशोक
245 _aप्रतिशोध
260 _bचैतन्य
630 _aप्रतिशोध
730 _aप्रतिशोध
942 _cBOOK
999 _c526865
_d526862